000 006940000a22002050004500
041 0 _aSPA
082 0 4 _aG 179 E744m
100 1 _aEschenbach, Úrsula
245 1 0 _aLa mujer ¿un ser desconsertante? Úrsula Eschenbach ; Ana Agud, Traductor
260 _aSalamanca, España : Sígueme
300 _a141 Pag.
500 _aTítulo original : Die frau, ein unheimliches wesen?
505 0 0 _ael mito patriarcal de la hominización -- madre y madrastra -- la espiritualidad femenina -- Eros y feminidad
650 1 4 _aPSICOLOGIA DE LA MUJER
001 1363
942 _cBK
999 _c32686
_d32686
336 _atexto
_btxt
_2rdacontent
337 _2rdamedia
_asin mediación
_bn
338 _2rdacarrier
_avolumen
_bnc